[Event "April 9 Late 2024"]
[Site "Chess.com"]
[Date "2024.04.09"]
[Round "2"]
[White "Shah Dev"]
[Black "Mikaelyan, Arman"]
[Result "0-1"]
[Board "70"]
[WhiteFideId "35019058"]
[BlackFideId "13304852"]
[WhiteTitle "CM"]
[BlackTitle "GM"]
[WhiteElo "2518"]
[BlackElo "2777"]
[WhiteTeam "IND"]
[BlackTeam "ARM"]
[WhiteClock "0:00:38"]
[BlackClock "0:00:26"]
[Variant "Standard"]

1. d4 {[%clk 0:03:00]}  Nf6 {[%clk 0:02:55]} 2. c4 {[%clk 0:03:00]}  e6 {[%clk 0:02:55]} 3. Nf3 {[%clk 0:02:59]}  c5 {[%clk 0:02:54]} 4. d5 {[%clk 0:02:59]}  d6 {[%clk 0:02:55]} 5. dxe6 {[%clk 0:02:58]}  Bxe6 {[%clk 0:02:49]} 6. Nc3 {[%clk 0:02:50]}  Nc6 {[%clk 0:02:48]} 7. e3 {[%clk 0:02:46]}  Be7 {[%clk 0:02:47]} 8. Be2 {[%clk 0:02:47]}  O-O {[%clk 0:02:47]} 9. O-O {[%clk 0:02:47]}  h6 {[%clk 0:02:44]} 10. b3 {[%clk 0:02:47]}  d5 {[%clk 0:02:44]} 11. cxd5 {[%clk 0:02:47]}  Nxd5 {[%clk 0:02:45]} 12. Nxd5 {[%clk 0:02:47]}  Bxd5 {[%clk 0:02:36]} 13. Bb2 {[%clk 0:02:47]}  Qd7 {[%clk 0:02:34]} 14. Bc4 {[%clk 0:02:07]}  Rad8 {[%clk 0:02:33]} 15. Qe2 {[%clk 0:02:04]}  Bxc4 {[%clk 0:02:23]} 16. Qxc4 {[%clk 0:02:00]}  Qe6 {[%clk 0:02:07]} 17. Qxe6 {[%clk 0:01:55]}  fxe6 {[%clk 0:02:08]} 18. Rfd1 {[%clk 0:01:56]}  Bf6 {[%clk 0:02:01]} 19. Bxf6 {[%clk 0:01:52]}  gxf6 {[%clk 0:02:02]} 20. Kf1 {[%clk 0:01:50]}  Kf7 {[%clk 0:02:00]} 21. Ke2 {[%clk 0:01:50]}  Ke7 {[%clk 0:02:00]} 22. Rac1 {[%clk 0:01:47]}  b6 {[%clk 0:02:00]} 23. a3 {[%clk 0:01:44]}  Rxd1 {[%clk 0:01:31]} 24. Kxd1 {[%clk 0:01:35]}  Rd8+ {[%clk 0:01:26]} 25. Ke2 {[%clk 0:01:35]}  a5 {[%clk 0:01:21]} 26. Nd2 {[%clk 0:01:33]}  Ne5 {[%clk 0:01:19]} 27. Nc4 {[%clk 0:01:24]}  Nd7 {[%clk 0:01:07]} 28. Rb1 {[%clk 0:01:16]}  Rb8 {[%clk 0:01:00]} 29. a4 {[%clk 0:01:15]}  Kd8 {[%clk 0:00:39]} 30. Rd1 {[%clk 0:01:14]}  Kc7 {[%clk 0:00:39]} 31. f4 {[%clk 0:01:04]}  b5 {[%clk 0:00:36]} 32. axb5 {[%clk 0:00:50]}  Rxb5 {[%clk 0:00:36]} 33. Rd3 {[%clk 0:00:50]}  Nb6 {[%clk 0:00:32]} 34. Na3 {[%clk 0:00:36]}  Rb4 {[%clk 0:00:32]} 35. Nc2 {[%clk 0:00:36]}  Rb5 {[%clk 0:00:31]} 36. Na3 {[%clk 0:00:36]}  Rb4 {[%clk 0:00:31]} 37. Nc2 {[%clk 0:00:36]}  Re4 {[%clk 0:00:28]} 38. Rc3 {[%clk 0:00:34]}  Kd6 {[%clk 0:00:23]} 39. Rd3+ {[%clk 0:00:31]}  Nd5 {[%clk 0:00:23]} 40. Na3 {[%clk 0:00:31]}  Kc6 {[%clk 0:00:18]} 41. Nc4 {[%clk 0:00:23]}  Nxf4+ {[%clk 0:00:17]} 42. Kf3 {[%clk 0:00:20]}  Rxc4 {[%clk 0:00:16]} 43. exf4 {[%clk 0:00:19]}  Rb4 {[%clk 0:00:15]} 44. Re3 {[%clk 0:00:18]}  Kd5 {[%clk 0:00:14]} 45. Rd3+ {[%clk 0:00:18]}  Rd4 {[%clk 0:00:15]} 46. Rc3 {[%clk 0:00:19]}  c4 {[%clk 0:00:15]} 47. bxc4+ {[%clk 0:00:20]}  Rxc4 {[%clk 0:00:16]} 48. Ra3 {[%clk 0:00:20]}  a4 {[%clk 0:00:16]} 49. Ke3 {[%clk 0:00:21]}  Rb4 {[%clk 0:00:17]} 50. g3 {[%clk 0:00:20]}  Rb3+ {[%clk 0:00:17]} 51. Rxb3 {[%clk 0:00:21]}  axb3 {[%clk 0:00:18]} 52. Kd2 {[%clk 0:00:22]}  Ke4 {[%clk 0:00:18]} 53. Kc3 {[%clk 0:00:22]}  Kf3 {[%clk 0:00:18]} 54. Kxb3 {[%clk 0:00:23]}  Kg2 {[%clk 0:00:19]} 55. g4 {[%clk 0:00:24]}  Kxh2 {[%clk 0:00:17]} 56. Kc4 {[%clk 0:00:24]}  Kg3 {[%clk 0:00:17]} 57. f5 {[%clk 0:00:25]}  exf5 {[%clk 0:00:18]} 58. gxf5 {[%clk 0:00:26]}  Kf4 {[%clk 0:00:18]} 59. Kd3 {[%clk 0:00:27]}  Kxf5 {[%clk 0:00:19]} 60. Ke3 {[%clk 0:00:27]}  Ke5 {[%clk 0:00:20]} 61. Kf3 {[%clk 0:00:28]}  f5 {[%clk 0:00:21]} 62. Ke3 {[%clk 0:00:29]}  f4+ {[%clk 0:00:21]} 63. Kf3 {[%clk 0:00:30]}  Kf5 {[%clk 0:00:22]} 64. Kf2 {[%clk 0:00:31]}  Ke4 {[%clk 0:00:23]} 65. Kg2 {[%clk 0:00:32]}  f3+ {[%clk 0:00:24]} 66. Kf2 {[%clk 0:00:33]}  Kf4 {[%clk 0:00:25]} 67. Kf1 {[%clk 0:00:34]}  Ke3 {[%clk 0:00:25]} 68. Ke1 {[%clk 0:00:34]}  h5 {[%clk 0:00:26]} 69. Kf1 {[%clk 0:00:34]}  f2 {[%clk 0:00:26]} 70. Kg2 {[%clk 0:00:35]}  Ke2 {[%clk 0:00:27]} 71. Kh3 {[%clk 0:00:36]}  f1=Q+ {[%clk 0:00:27]} 72. Kh2 {[%clk 0:00:37]}  Qf8 {[%clk 0:00:26]} 73. Kg3 {[%clk 0:00:37]}  Qg7+ {[%clk 0:00:26]} 74. Kh2 {[%clk 0:00:38]}  h4 {[%clk 0:00:26]} 0-1

[Event "April 9 Late 2024"]
[Site "Chess.com"]
[Date "2024.04.09"]
[Round "2"]
[White "Kosteniuk, Alexandra"]
[Black "Redzisz, Michal"]
[Result "0-1"]
[Board "71"]
[WhiteFideId "4128125"]
[BlackFideId "21816107"]
[WhiteTitle "GM"]
[BlackTitle "FM"]
[WhiteElo "2776"]
[BlackElo "2499"]
[WhiteTeam "SUI"]
[BlackTeam "POL"]
[WhiteClock "0:00:49"]
[BlackClock "0:00:10"]
[Variant "Standard"]

1. Nf3 {[%clk 0:03:00]}  b6 {[%clk 0:02:58]} 2. g3 {[%clk 0:03:00]}  Bb7 {[%clk 0:02:58]} 3. Bg2 {[%clk 0:03:01]}  d5 {[%clk 0:02:58]} 4. d4 {[%clk 0:03:01]}  Nf6 {[%clk 0:02:57]} 5. O-O {[%clk 0:03:01]}  e6 {[%clk 0:02:56]} 6. Ne5 {[%clk 0:03:01]}  Nbd7 {[%clk 0:02:55]} 7. f4 {[%clk 0:02:57]}  Bd6 {[%clk 0:02:54]} 8. Nd2 {[%clk 0:02:52]}  O-O {[%clk 0:02:54]} 9. c3 {[%clk 0:02:50]}  c5 {[%clk 0:02:53]} 10. e3 {[%clk 0:02:49]}  Qc7 {[%clk 0:02:48]} 11. g4 {[%clk 0:02:49]}  Rad8 {[%clk 0:02:45]} 12. g5 {[%clk 0:02:49]}  Ne4 {[%clk 0:02:46]} 13. Qh5 {[%clk 0:02:43]}  f5 {[%clk 0:01:56]} 14. gxf6 {[%clk 0:02:32]}  Ndxf6 {[%clk 0:01:55]} 15. Qh3 {[%clk 0:02:31]}  Qe7 {[%clk 0:01:37]} 16. Nxe4 {[%clk 0:02:24]}  Nxe4 {[%clk 0:01:37]} 17. Bxe4 {[%clk 0:02:21]}  dxe4 {[%clk 0:01:38]} 18. Bd2 {[%clk 0:02:19]}  Bxe5 {[%clk 0:01:38]} 19. fxe5 {[%clk 0:02:19]}  Ba6 {[%clk 0:01:38]} 20. Rf4 {[%clk 0:01:31]}  Rxf4 {[%clk 0:01:21]} 21. exf4 {[%clk 0:01:31]}  cxd4 {[%clk 0:01:22]} 22. cxd4 {[%clk 0:01:32]}  Rxd4 {[%clk 0:01:23]} 23. Bc3 {[%clk 0:01:32]}  Rd3 {[%clk 0:01:16]} 24. Qg2 {[%clk 0:01:28]}  Qc5+ {[%clk 0:01:10]} 25. Qf2 {[%clk 0:01:18]}  e3 {[%clk 0:01:07]} 26. Qe2 {[%clk 0:00:52]}  Rd2 {[%clk 0:00:15]} 27. Qf3 {[%clk 0:00:52]}  e2+ {[%clk 0:00:11]} 28. Kh1 {[%clk 0:00:51]}  Rd1+ {[%clk 0:00:09]} 29. Rxd1 {[%clk 0:00:51]}  exd1=Q+ {[%clk 0:00:10]} 30. Qxd1 {[%clk 0:00:49]}  Bb7+ {[%clk 0:00:10]} 0-1

[Event "April 9 Late 2024"]
[Site "Chess.com"]
[Date "2024.04.09"]
[Round "2"]
[White "Fieberg, Samuel"]
[Black "Cardoso Cardoso, Jose Gabriel"]
[Result "0-1"]
[Board "72"]
[WhiteFideId "12901717"]
[BlackFideId "4430492"]
[WhiteTitle "FM"]
[BlackTitle "GM"]
[WhiteElo "2467"]
[BlackElo "2775"]
[WhiteTeam "GER"]
[BlackTeam "COL"]
[WhiteClock "0:00:11"]
[BlackClock "0:00:11"]
[Variant "Standard"]

1. Nf3 {[%clk 0:03:00]}  Nf6 {[%clk 0:02:55]} 2. g3 {[%clk 0:03:00]}  b6 {[%clk 0:02:55]} 3. Bg2 {[%clk 0:03:00]}  Bb7 {[%clk 0:02:56]} 4. O-O {[%clk 0:03:01]}  g6 {[%clk 0:02:56]} 5. c4 {[%clk 0:03:02]}  Bg7 {[%clk 0:02:56]} 6. Nc3 {[%clk 0:03:02]}  O-O {[%clk 0:02:57]} 7. d4 {[%clk 0:03:02]}  e6 {[%clk 0:02:53]} 8. b3 {[%clk 0:02:58]}  Ne4 {[%clk 0:02:51]} 9. Bb2 {[%clk 0:02:56]}  Nxc3 {[%clk 0:02:32]} 10. Bxc3 {[%clk 0:02:57]}  Be4 {[%clk 0:02:31]} 11. Qd2 {[%clk 0:02:51]}  d6 {[%clk 0:02:30]} 12. Ne1 {[%clk 0:02:49]}  Bxg2 {[%clk 0:02:29]} 13. Kxg2 {[%clk 0:02:50]}  Nd7 {[%clk 0:02:29]} 14. e4 {[%clk 0:02:50]}  a5 {[%clk 0:02:28]} 15. Nd3 {[%clk 0:02:48]}  e5 {[%clk 0:02:15]} 16. dxe5 {[%clk 0:02:44]}  dxe5 {[%clk 0:02:15]} 17. Rad1 {[%clk 0:02:41]}  Qe7 {[%clk 0:02:15]} 18. Qb2 {[%clk 0:02:35]}  Rad8 {[%clk 0:02:07]} 19. Rd2 {[%clk 0:02:35]}  Nb8 {[%clk 0:01:43]} 20. Rfd1 {[%clk 0:02:34]}  Nc6 {[%clk 0:01:42]} 21. Ne1 {[%clk 0:02:21]}  Nd4 {[%clk 0:01:39]} 22. Nc2 {[%clk 0:01:59]}  Qe6 {[%clk 0:01:20]} 23. Nxd4 {[%clk 0:01:44]}  exd4 {[%clk 0:01:18]} 24. Bxd4 {[%clk 0:01:42]}  Rxd4 {[%clk 0:01:16]} 25. Rxd4 {[%clk 0:01:37]}  c5 {[%clk 0:01:17]} 26. Rd6 {[%clk 0:00:44]}  Bxb2 {[%clk 0:01:03]} 27. Rxe6 {[%clk 0:00:44]}  fxe6 {[%clk 0:01:04]} 28. Rd6 {[%clk 0:00:45]}  Bd4 {[%clk 0:00:53]} 29. f3 {[%clk 0:00:39]}  e5 {[%clk 0:00:41]} 30. Rxb6 {[%clk 0:00:39]}  a4 {[%clk 0:00:41]} 31. h4 {[%clk 0:00:20]}  axb3 {[%clk 0:00:37]} 32. axb3 {[%clk 0:00:21]}  Ra8 {[%clk 0:00:28]} 33. Kh3 {[%clk 0:00:20]}  Rf8 {[%clk 0:00:24]} 34. Kg2 {[%clk 0:00:19]}  Kg7 {[%clk 0:00:22]} 35. b4 {[%clk 0:00:17]}  cxb4 {[%clk 0:00:21]} 36. Rxb4 {[%clk 0:00:18]}  Rf7 {[%clk 0:00:20]} 37. Ra4 {[%clk 0:00:18]}  Ra7 {[%clk 0:00:19]} 38. Rb4 {[%clk 0:00:17]}  h5 {[%clk 0:00:19]} 39. g4 {[%clk 0:00:16]}  Be3 {[%clk 0:00:18]} 40. gxh5 {[%clk 0:00:13]}  gxh5 {[%clk 0:00:18]} 41. Rb5 {[%clk 0:00:11]}  Ra2+ {[%clk 0:00:16]} 42. Kf1 {[%clk 0:00:12]}  Kf6 {[%clk 0:00:12]} 43. Rb6+ {[%clk 0:00:11]}  Bxb6 {[%clk 0:00:11]} 0-1

[Event "April 9 Late 2024"]
[Site "Chess.com"]
[Date "2024.04.09"]
[Round "2"]
[White "Rosen, Eric"]
[Black "Shevchuk, Olexandr"]
[Result "1-0"]
[Board "73"]
[WhiteFideId "2032562"]
[BlackFideId "14113775"]
[WhiteTitle "IM"]
[WhiteElo "2770"]
[BlackElo "2453"]
[WhiteTeam "USA"]
[BlackTeam "UKR"]
[WhiteClock "0:01:37"]
[BlackClock "0:02:03"]
[Variant "Standard"]

1. d4 {[%clk 0:03:00]}  d5 {[%clk 0:02:59]} 2. Bf4 {[%clk 0:02:59]}  Nf6 {[%clk 0:02:58]} 3. e3 {[%clk 0:03:00]}  e6 {[%clk 0:02:59]} 4. Nf3 {[%clk 0:03:00]}  Bc5 {[%clk 0:02:59]} 5. dxc5 {[%clk 0:02:59]}  Nbd7 {[%clk 0:02:54]} 6. b4 {[%clk 0:02:50]}  a5 {[%clk 0:02:50]} 7. c3 {[%clk 0:02:50]}  Ne4 {[%clk 0:02:48]} 8. Bd3 {[%clk 0:02:45]}  axb4 {[%clk 0:02:42]} 9. cxb4 {[%clk 0:02:40]}  Qf6 {[%clk 0:02:42]} 10. Nbd2 {[%clk 0:02:36]}  Nc3 {[%clk 0:02:37]} 11. Qc1 {[%clk 0:02:35]}  Nxa2 {[%clk 0:02:36]} 12. Qb1 {[%clk 0:02:19]}  e5 {[%clk 0:02:24]} 13. Bg5 {[%clk 0:02:05]}  Qe6 {[%clk 0:02:17]} 14. Rxa2 {[%clk 0:02:05]}  Rxa2 {[%clk 0:02:16]} 15. Qxa2 {[%clk 0:02:06]}  e4 {[%clk 0:02:16]} 16. Nxe4 {[%clk 0:01:46]}  dxe4 {[%clk 0:02:17]} 17. Qxe6+ {[%clk 0:01:46]}  fxe6 {[%clk 0:02:15]} 18. Bxe4 {[%clk 0:01:45]}  O-O {[%clk 0:02:15]} 19. Bf4 {[%clk 0:01:44]}  c6 {[%clk 0:02:14]} 20. Ke2 {[%clk 0:01:45]}  Nf6 {[%clk 0:02:14]} 21. Nd2 {[%clk 0:01:37]}  Rd8 {[%clk 0:02:11]} 22. f3 {[%clk 0:01:37]}  h6 {[%clk 0:02:03]} 23. Ra1 {[%clk 0:01:37]} 1-0

[Event "April 9 Late 2024"]
[Site "Chess.com"]
[Date "2024.04.09"]
[Round "2"]
[White "Paragua, Megan Althea"]
[Black "Kushko, Dmitriy"]
[Result "0-1"]
[Board "74"]
[WhiteFideId "30973007"]
[BlackFideId "14162261"]
[WhiteTitle "WFM"]
[BlackTitle "IM"]
[WhiteElo "2449"]
[BlackElo "2768"]
[WhiteTeam "USA"]
[BlackTeam "UKR"]
[WhiteClock "0:00:00"]
[BlackClock "0:00:16"]
[Variant "Standard"]

1. e4 {[%clk 0:03:00]}  g6 {[%clk 0:03:00]} 2. d4 {[%clk 0:03:00]}  Bg7 {[%clk 0:03:00]} 3. Nf3 {[%clk 0:02:59]}  d6 {[%clk 0:03:00]} 4. Nc3 {[%clk 0:02:59]}  a6 {[%clk 0:03:00]} 5. Be2 {[%clk 0:02:59]}  Nf6 {[%clk 0:03:00]} 6. O-O {[%clk 0:02:58]}  O-O {[%clk 0:03:00]} 7. h3 {[%clk 0:02:51]}  Nc6 {[%clk 0:03:00]} 8. Be3 {[%clk 0:02:46]}  b5 {[%clk 0:02:58]} 9. a3 {[%clk 0:02:44]}  Re8 {[%clk 0:02:50]} 10. Re1 {[%clk 0:02:43]}  e5 {[%clk 0:02:49]} 11. dxe5 {[%clk 0:02:41]}  Nxe5 {[%clk 0:02:49]} 12. Nxe5 {[%clk 0:02:40]}  Rxe5 {[%clk 0:02:49]} 13. Bd4 {[%clk 0:02:40]}  Re6 {[%clk 0:02:43]} 14. Bf3 {[%clk 0:02:13]}  Bb7 {[%clk 0:02:43]} 15. Nd5 {[%clk 0:01:58]}  Bxd5 {[%clk 0:02:10]} 16. exd5 {[%clk 0:01:54]}  Rxe1+ {[%clk 0:02:11]} 17. Qxe1 {[%clk 0:01:54]}  Nd7 {[%clk 0:02:12]} 18. Bxg7 {[%clk 0:01:47]}  Kxg7 {[%clk 0:02:13]} 19. Qc3+ {[%clk 0:01:47]}  Ne5 {[%clk 0:01:42]} 20. g3 {[%clk 0:01:46]}  Qf6 {[%clk 0:01:30]} 21. Bg2 {[%clk 0:01:46]}  Nc4 {[%clk 0:01:30]} 22. Qxf6+ {[%clk 0:01:42]}  Kxf6 {[%clk 0:01:31]} 23. b3 {[%clk 0:01:39]}  Nb6 {[%clk 0:01:31]} 24. Re1 {[%clk 0:01:36]}  a5 {[%clk 0:01:23]} 25. Bf1 {[%clk 0:01:05]}  b4 {[%clk 0:01:19]} 26. a4 {[%clk 0:00:51]}  Nxd5 {[%clk 0:01:10]} 27. Bg2 {[%clk 0:00:50]}  c6 {[%clk 0:01:10]} 28. Rd1 {[%clk 0:00:50]}  Ke6 {[%clk 0:01:06]} 29. Re1+ {[%clk 0:00:50]}  Kd7 {[%clk 0:01:05]} 30. Bxd5 {[%clk 0:00:45]}  cxd5 {[%clk 0:01:06]} 31. Rd1 {[%clk 0:00:42]}  Kc6 {[%clk 0:01:06]} 32. f3 {[%clk 0:00:40]}  Re8 {[%clk 0:01:03]} 33. Kf2 {[%clk 0:00:40]}  Kc5 {[%clk 0:01:02]} 34. Rd3 {[%clk 0:00:38]}  d4 {[%clk 0:01:01]} 35. h4 {[%clk 0:00:31]}  Kd5 {[%clk 0:00:59]} 36. Rd1 {[%clk 0:00:25]}  Re3 {[%clk 0:00:55]} 37. Rd2 {[%clk 0:00:13]}  f5 {[%clk 0:00:52]} 38. Rd1 {[%clk 0:00:09]}  h6 {[%clk 0:00:51]} 39. Rd2 {[%clk 0:00:09]}  g5 {[%clk 0:00:51]} 40. hxg5 {[%clk 0:00:08]}  hxg5 {[%clk 0:00:52]} 41. Kg2 {[%clk 0:00:08]}  Rc3 {[%clk 0:00:46]} 42. Kf2 {[%clk 0:00:05]}  Re3 {[%clk 0:00:39]} 43. Rd1 {[%clk 0:00:04]}  g4 {[%clk 0:00:38]} 44. fxg4 {[%clk 0:00:03]}  fxg4 {[%clk 0:00:39]} 45. Rd2 {[%clk 0:00:03]}  Rf3+ {[%clk 0:00:37]} 46. Kg2 {[%clk 0:00:04]}  Ke4 {[%clk 0:00:37]} 47. Re2+ {[%clk 0:00:04]}  Re3 {[%clk 0:00:38]} 48. Rf2 {[%clk 0:00:04]}  Ke5 {[%clk 0:00:33]} 49. Rd2 {[%clk 0:00:03]}  d5 {[%clk 0:00:23]} 50. Rf2 {[%clk 0:00:03]}  d3 {[%clk 0:00:22]} 51. Rd2 {[%clk 0:00:00]}  Kd4 {[%clk 0:00:16]} 0-1

[Event "April 9 Late 2024"]
[Site "Chess.com"]
[Date "2024.04.09"]
[Round "2"]
[White "Chassard, Cedric"]
[Black "Goltsev, Dmitry"]
[Result "0-1"]
[Board "76"]
[WhiteFideId "16243536"]
[BlackFideId "24176710"]
[WhiteTitle "FM"]
[BlackTitle "FM"]
[WhiteElo "2424"]
[BlackElo "2765"]
[WhiteTeam "GER"]
[BlackTeam "RUS"]
[WhiteClock "0:01:19"]
[BlackClock "0:02:31"]
[Variant "Standard"]

1. e4 {[%clk 0:03:00]}  e6 {[%clk 0:02:59]} 2. d4 {[%clk 0:02:59]}  d5 {[%clk 0:03:00]} 3. Nd2 {[%clk 0:02:59]}  c5 {[%clk 0:03:00]} 4. exd5 {[%clk 0:02:59]}  exd5 {[%clk 0:03:00]} 5. Ngf3 {[%clk 0:02:58]}  Nf6 {[%clk 0:03:00]} 6. Bb5+ {[%clk 0:02:57]}  Nc6 {[%clk 0:03:00]} 7. O-O {[%clk 0:02:53]}  Be7 {[%clk 0:03:01]} 8. dxc5 {[%clk 0:02:53]}  Bxc5 {[%clk 0:03:02]} 9. Nb3 {[%clk 0:02:52]}  Bb6 {[%clk 0:03:01]} 10. Nbd4 {[%clk 0:02:51]}  O-O {[%clk 0:03:00]} 11. Nxc6 {[%clk 0:02:46]}  bxc6 {[%clk 0:03:01]} 12. Bxc6 {[%clk 0:02:46]}  Rb8 {[%clk 0:02:56]} 13. Bf4 {[%clk 0:02:45]}  Ba6 {[%clk 0:02:51]} 14. Bxb8 {[%clk 0:02:40]}  Qxb8 {[%clk 0:02:50]} 15. Ba4 {[%clk 0:01:51]}  Bxf1 {[%clk 0:02:44]} 16. Qxf1 {[%clk 0:01:51]}  Ng4 {[%clk 0:02:43]} 17. h3 {[%clk 0:01:42]}  Nxf2 {[%clk 0:02:33]} 18. Bb3 {[%clk 0:01:26]}  Nxh3+ {[%clk 0:02:31]} 19. Kh1 {[%clk 0:01:24]}  Nf2+ {[%clk 0:02:31]} 20. Kg1 {[%clk 0:01:23]}  Ne4+ {[%clk 0:02:31]} 21. Kh1 {[%clk 0:01:18]}  Ng3+ {[%clk 0:02:32]} 22. Kh2 {[%clk 0:01:18]}  Nxf1+ {[%clk 0:02:32]} 23. Kh3 {[%clk 0:01:19]}  Qg3# {[%clk 0:02:31]} 0-1

[Event "April 9 Late 2024"]
[Site "Chess.com"]
[Date "2024.04.09"]
[Round "2"]
[White "Matinian, Nikita"]
[Black "Ciolacu, Alessia-Mihaela"]
[Result "1-0"]
[Board "77"]
[WhiteFideId "24129100"]
[BlackFideId "1252640"]
[WhiteTitle "GM"]
[BlackTitle "WIM"]
[WhiteElo "2761"]
[BlackElo "2410"]
[WhiteTeam "FID"]
[BlackTeam "ROU"]
[WhiteClock "0:00:07"]
[BlackClock "0:00:02"]
[Variant "Standard"]

1. e4 {[%clk 0:03:00]}  e5 {[%clk 0:02:53]} 2. Nf3 {[%clk 0:03:01]}  Nc6 {[%clk 0:02:52]} 3. Nc3 {[%clk 0:03:02]}  Nf6 {[%clk 0:02:52]} 4. g3 {[%clk 0:03:02]}  g6 {[%clk 0:02:50]} 5. d4 {[%clk 0:03:02]}  exd4 {[%clk 0:02:49]} 6. Nxd4 {[%clk 0:03:03]}  Bg7 {[%clk 0:02:48]} 7. Nxc6 {[%clk 0:03:03]}  bxc6 {[%clk 0:02:48]} 8. Bg2 {[%clk 0:03:04]}  O-O {[%clk 0:02:46]} 9. O-O {[%clk 0:03:04]}  Re8 {[%clk 0:02:46]} 10. Re1 {[%clk 0:03:05]}  d5 {[%clk 0:02:42]} 11. exd5 {[%clk 0:03:04]}  Rxe1+ {[%clk 0:02:41]} 12. Qxe1 {[%clk 0:03:05]}  cxd5 {[%clk 0:02:41]} 13. Bg5 {[%clk 0:03:01]}  c6 {[%clk 0:02:36]} 14. Rd1 {[%clk 0:03:01]}  Bf5 {[%clk 0:02:35]} 15. Qd2 {[%clk 0:02:56]}  Qb6 {[%clk 0:02:26]} 16. b3 {[%clk 0:02:51]}  Re8 {[%clk 0:02:14]} 17. h3 {[%clk 0:02:41]}  Ne4 {[%clk 0:02:09]} 18. Nxe4 {[%clk 0:02:40]}  Bxe4 {[%clk 0:02:06]} 19. Bxe4 {[%clk 0:02:35]}  Rxe4 {[%clk 0:02:05]} 20. Be3 {[%clk 0:02:24]}  Qa6 {[%clk 0:01:57]} 21. c4 {[%clk 0:02:19]}  d4 {[%clk 0:01:49]} 22. Bf4 {[%clk 0:01:35]}  c5 {[%clk 0:01:41]} 23. h4 {[%clk 0:01:35]}  Bf6 {[%clk 0:01:22]} 24. f3 {[%clk 0:01:29]}  Re6 {[%clk 0:01:21]} 25. Kf2 {[%clk 0:01:28]}  Bd8 {[%clk 0:01:21]} 26. Kg2 {[%clk 0:01:04]}  Ba5 {[%clk 0:01:17]} 27. Qf2 {[%clk 0:00:36]}  Qb7 {[%clk 0:01:15]} 28. Bd2 {[%clk 0:00:23]}  Qe7 {[%clk 0:01:07]} 29. Kf1 {[%clk 0:00:17]}  d3 {[%clk 0:00:47]} 30. Bxa5 {[%clk 0:00:15]}  Re2 {[%clk 0:00:47]} 31. Rxd3 {[%clk 0:00:10]}  Rxf2+ {[%clk 0:00:45]} 32. Kxf2 {[%clk 0:00:11]}  h6 {[%clk 0:00:27]} 33. Rd8+ {[%clk 0:00:07]}  Kg7 {[%clk 0:00:25]} 34. Bc3+ {[%clk 0:00:06]}  f6 {[%clk 0:00:25]} 35. Rd5 {[%clk 0:00:04]}  Kf7 {[%clk 0:00:20]} 36. g4 {[%clk 0:00:04]}  g5 {[%clk 0:00:16]} 37. hxg5 {[%clk 0:00:02]}  hxg5 {[%clk 0:00:17]} 38. Rf5 {[%clk 0:00:02]}  Qd7 {[%clk 0:00:11]} 39. Rxf6+ {[%clk 0:00:03]}  Ke8 {[%clk 0:00:11]} 40. Ke2 {[%clk 0:00:02]}  Qb7 {[%clk 0:00:09]} 41. Rf5 {[%clk 0:00:02]}  Qa6 {[%clk 0:00:08]} 42. Re5+ {[%clk 0:00:02]}  Kf7 {[%clk 0:00:08]} 43. a4 {[%clk 0:00:02]}  Qb6 {[%clk 0:00:07]} 44. Rf5+ {[%clk 0:00:03]}  Kg6 {[%clk 0:00:07]} 45. Rf6+ {[%clk 0:00:03]}  Qxf6 {[%clk 0:00:07]} 46. Bxf6 {[%clk 0:00:04]}  Kxf6 {[%clk 0:00:07]} 47. Kd3 {[%clk 0:00:04]}  Ke5 {[%clk 0:00:06]} 48. a5 {[%clk 0:00:05]}  a6 {[%clk 0:00:06]} 49. Ke3 {[%clk 0:00:05]}  Kf6 {[%clk 0:00:04]} 50. f4 {[%clk 0:00:05]}  gxf4+ {[%clk 0:00:03]} 51. Kxf4 {[%clk 0:00:06]}  Kg6 {[%clk 0:00:03]} 52. Ke5 {[%clk 0:00:06]}  Kg5 {[%clk 0:00:02]} 53. Kd5 {[%clk 0:00:07]} 1-0

[Event "April 9 Late 2024"]
[Site "Chess.com"]
[Date "2024.04.09"]
[Round "2"]
[White "Tristan, Leonardo"]
[Black "Deviprasath, Sharvesh"]
[Result "1-0"]
[Board "79"]
[WhiteFideId "113816"]
[BlackFideId "30938228"]
[WhiteTitle "GM"]
[BlackTitle "FM"]
[WhiteElo "2754"]
[BlackElo "2400"]
[WhiteTeam "ARG"]
[BlackTeam "USA"]
[WhiteClock "0:00:11"]
[BlackClock "0:00:00"]
[Variant "Standard"]

1. d4 {[%clk 0:03:00]}  e6 {[%clk 0:03:00]} 2. Nf3 {[%clk 0:03:00]}  f5 {[%clk 0:03:00]} 3. g3 {[%clk 0:02:59]}  Nf6 {[%clk 0:03:00]} 4. Bg2 {[%clk 0:03:00]}  Be7 {[%clk 0:03:01]} 5. O-O {[%clk 0:03:00]}  O-O {[%clk 0:03:02]} 6. c4 {[%clk 0:02:58]}  d6 {[%clk 0:03:02]} 7. Nc3 {[%clk 0:02:58]}  Ne4 {[%clk 0:03:02]} 8. Bd2 {[%clk 0:02:56]}  Nxd2 {[%clk 0:02:55]} 9. Nxd2 {[%clk 0:02:55]}  c6 {[%clk 0:02:52]} 10. e4 {[%clk 0:02:54]}  Bf6 {[%clk 0:02:45]} 11. Nf3 {[%clk 0:02:45]}  Qb6 {[%clk 0:02:33]} 12. e5 {[%clk 0:02:38]}  dxe5 {[%clk 0:02:30]} 13. dxe5 {[%clk 0:02:38]}  Be7 {[%clk 0:02:28]} 14. Qc2 {[%clk 0:02:26]}  Na6 {[%clk 0:02:25]} 15. a3 {[%clk 0:02:25]}  Bd7 {[%clk 0:02:07]} 16. Rfd1 {[%clk 0:02:13]}  Rad8 {[%clk 0:01:59]} 17. b4 {[%clk 0:02:13]}  Qc7 {[%clk 0:01:59]} 18. Qe2 {[%clk 0:02:06]}  g5 {[%clk 0:01:25]} 19. Rac1 {[%clk 0:01:59]}  g4 {[%clk 0:01:12]} 20. Nd4 {[%clk 0:01:59]}  Bg5 {[%clk 0:01:12]} 21. Rc2 {[%clk 0:02:00]}  h5 {[%clk 0:01:02]} 22. f4 {[%clk 0:01:38]}  Bh6 {[%clk 0:00:54]} 23. c5 {[%clk 0:01:35]}  Bc8 {[%clk 0:00:51]} 24. Rcd2 {[%clk 0:01:33]}  h4 {[%clk 0:00:42]} 25. Bf1 {[%clk 0:01:22]}  b6 {[%clk 0:00:33]} 26. cxb6 {[%clk 0:00:59]}  axb6 {[%clk 0:00:28]} 27. Qg2 {[%clk 0:00:57]}  Nb8 {[%clk 0:00:27]} 28. Bc4 {[%clk 0:00:56]}  Rde8 {[%clk 0:00:14]} 29. Qe2 {[%clk 0:00:46]}  b5 {[%clk 0:00:13]} 30. Bb3 {[%clk 0:00:41]}  Qa7 {[%clk 0:00:13]} 31. Qe3 {[%clk 0:00:23]}  Qxa3 {[%clk 0:00:12]} 32. Ne4 {[%clk 0:00:24]}  fxe4 {[%clk 0:00:07]} 33. Bxe6+ {[%clk 0:00:23]}  Bxe6 {[%clk 0:00:06]} 34. Qxa3 {[%clk 0:00:22]}  Bd5 {[%clk 0:00:06]} 35. Nxb5 {[%clk 0:00:19]}  e3 {[%clk 0:00:04]} 36. Qxe3 {[%clk 0:00:19]}  Bf3 {[%clk 0:00:03]} 37. Nd6 {[%clk 0:00:16]}  Re7 {[%clk 0:00:02]} 38. Rf1 {[%clk 0:00:13]}  Nd7 {[%clk 0:00:01]} 39. Nc4 {[%clk 0:00:11]}  Nf6 {[%clk 0:00:01]} 40. Rxf3 {[%clk 0:00:11]}  gxf3 {[%clk 0:00:01]} 41. Qxf3 {[%clk 0:00:11]}  Nd5 {[%clk 0:00:01]} 42. Qg4+ {[%clk 0:00:11]}  Rg7 {[%clk 0:00:00]} 43. Qxh4 {[%clk 0:00:11]} 1-0